| 000 | 00753nam a22002297a 4500 | ||
|---|---|---|---|
| 999 |
_c114 _d114 |
||
| 003 | AR-CdUCM | ||
| 008 | 190221b ||||| |||| 00| 0 spa d | ||
| 040 |
_aMUNICIPALIDAD PROVINCIAL DEL CUSCO _cBIBLIOTECA MUNICIPAL DEL CUSCO |
||
| 041 | _hspa | ||
| 082 |
_a869.56 / _bD75 |
||
| 100 |
_aDiez Canseco Pereira, José _9554 |
||
| 245 |
_aEstampas Mulatas / _cDiez Canseco Pereira, José |
||
| 260 |
_aPeru : _bCompañia de impresiones y publicidad, azangaro , _c1951 |
||
| 300 |
_a178 paginas _b25cm |
||
| 505 | _aPrologo -- El Gaviota -- El velorio -- El trompo -- | ||
| 650 |
_acuentos peruanos _9555 |
||
| 650 |
_asiglo XX _9556 |
||
| 650 |
_acuentos de costumbres _9557 |
||
| 650 |
_aPerú _935 |
||
| 942 |
_2ddc _cLIBROS |
||
| 945 |
_apjha _d2019-02-21 |
||